| 000 | 01949nam0a2200409 4500 | ||
|---|---|---|---|
| 001 | RU\NLR\BIBL_A\012307396 | ||
| 005 | 20260419124138.0 | ||
| 010 | _9500 | ||
| 021 |
_aRU _bКН-П-20-019732 _9КН-П-20-1548 |
||
| 035 | _a(NLR Aleph) 012307396 | ||
| 035 | _a(RuMoRGB)010318770 | ||
| 090 |
_a13658270 _c13658270 |
||
| 100 | _a20200804d2019 u y0rusy50 ca | ||
| 101 | 0 |
_arus _aeng |
|
| 102 | _aRU | ||
| 105 | _aa|||z|||000zy | ||
| 181 | 0 |
_ai _baxxe |
|
| 182 | 0 | _an | |
| 200 | 1 |
_aОпределение наиболее значимых факторов, влияющих на ресурс шин и редуктор мотор-колеса с помощью априорного ранжирования _fЭ.К. Абдулаев, П.Н. Махараткин, А.И. Кужелев |
|
| 203 |
_aТекст _bвизуальный _cнепосредственный |
||
| 210 |
_aМосква _cГорная книга _d2019 |
||
| 215 |
_a9 с. _cил. _d21 |
||
| 225 | 1 |
_aГорный информационно-аналитический бюллетень _e(научно-технический журнал) _v№ 12 _iСпециальный выпуск _v48 _x0236-1493 |
|
| 300 | _aНа 8-й с. 2-й авт.: Махараткин П.Н. - канд. техн. наук, доц. | ||
| 300 | _aЧасть текста парал. рус., англ. | ||
| 320 | _aБиблиогр.: с. 7-8 (7 назв.) | ||
| 606 | 1 |
_aКарьерный автомобильный транспорт _xЭксплуатация _2nlr_sh1 _2nlr_sh2 _3RU\NLR\AUTH\661316335 |
|
| 610 | 0 | _aкарьерные самосвалы | |
| 686 | 1 | _aИ168.3-5-082 | |
| 700 | 1 |
_aАбдулаев _bЭ. К. |
|
| 701 | 1 |
_aМахараткин _bП. Н. _gПавел Николаевич |
|
| 701 | 1 |
_aКужелев _bА. И. |
|
| 942 | _cBOOK | ||
| 980 | _aNBR | ||
| 980 | _aNB | ||